Broadens horizons to find best places to invest (Record no. 83026)

MARC details
000 -LEADER
fixed length control field 00892cab a22001935a 4500
001 - CONTROL NUMBER
control field L152614
008 - FIXED-LENGTH DATA ELEMENTS--GENERAL INFORMATION
fixed length control field 110405e20110325xxk 000 0 eng d
035 ## - SYSTEM CONTROL NUMBER
System control number (Sirsi) u152614
041 0# - LANGUAGE CODE
Language code of text/sound track or separate title eng
110 2# - MAIN ENTRY--CORPORATE NAME
Corporate name or jurisdiction name as entry element Property Week
9 (RLIN) 1549
245 00 - TITLE STATEMENT
Title Broadens horizons to find best places to invest
260 ## - PUBLICATION, DISTRIBUTION, ETC.
-- 2011
490 #0 - SERIES STATEMENT
Series statement Property Week
Volume/sequential designation 77(12) 25 March 2011, 36(1)
520 ## - SUMMARY, ETC.
Summary, etc. St Bride's Managers think that UK institutional investors need to alter their strategies radically to keep pace with the changing world of property investment. Reveals the top 20 world cities for property investment from a risk management perspective with London in pole position with seven of the cities in North America and eight in the Asia Pacific region.
590 ## - LOCAL NOTE (RLIN)
Local note KA
651 #4 - SUBJECT ADDED ENTRY--GEOGRAPHIC NAME
Geographic name International
690 ## - LOCAL SUBJECT ADDED ENTRY--TOPICAL TERM (OCLC, RLIN)
Topical term or geographic name as entry element PROPERTY-COMMERCIAL PROPERTY-COMMERCIAL PROPERTY FINANCE AND INVESTMENT
942 ## - ADDED ENTRY ELEMENTS (KOHA)
Suppress in OPAC 0
Holdings
Withdrawn status Lost status Source of classification or shelving scheme Damaged status Not for loan Home library Current library Shelving location Date acquired Total Checkouts Full call number Barcode Date last seen Copy number Price effective from Koha item type
    Dewey Decimal Classification     London London Journal article 05/04/2011   L152614 152614-1001 06/08/2019 1 06/08/2019 Journal article